| 000 | 00466nam a2200157 i 4500 | ||
|---|---|---|---|
| 001 | 28408 | ||
| 003 | ES-MaACL | ||
| 007 | t| | ||
| 008 | 030117s1889 ddr ||||1| eng d | ||
| 100 | 1 |
_aBaedeker, Karl. _924575 |
|
| 245 | 1 | 0 |
_aLondon and its environs _b: handbook for travellers / _cby Karl Baedeker. |
| 250 | _a7th rev. ed. | ||
| 260 |
_aLeipzig : _bKarl Baedeker, _c1889. |
||
| 300 |
_aVIII, 360 p. : _b3 map., 15 plan. ; _c16 cm. |
||
| 852 |
_aES-MaACL _jG-13721 |
||
| 999 |
_c28408 _d28408 |
||